[Event "DVM U10 2023"]
[Site "Magdeburg GER"]
[Date "2023.12.29"]
[Round "7"]
[White "Chakhalov, Mikael"]
[Black "Shen, Tingrui"]
[Result "0-1"]
[Termination "normal"]
[Board "1.1"]
[WhiteElo "1623"]
[BlackElo "1884"]
[WhiteClock "00:01:41"]
[BlackClock "00:22:46"]
[WhiteTeam "SK Zehlendorf"]
[BlackTeam "TV Tegernsee"]
[PlyCount "130"]
[WhiteFideId "34644458"]
[BlackFideId "34603441"]
[EventCountry "GER"]
[EventRounds "7"]
[EventType "team-swiss"]
[EventDate "2023.12.27"]

1. e4 {[%clk 00:55:09]} c5 {[%clk 00:54:44]} {[%emt 00:00:26]} 2. Nc3 {[%clk
00:55:09]} {[%emt 00:00:06]} Nc6 {[%clk 00:54:39]} {[%emt 00:00:09]} 3. g3
{[%clk 00:55:08]} {[%emt 00:00:05]} g6 {[%clk 00:54:32]} {[%emt 00:00:13]} 4.
Bg2 {[%clk 00:55:08]} {[%emt 00:00:04]} Bg7 {[%clk 00:54:20]} {[%emt 00:00:18]}
5. d3 {[%clk 00:55:01]} {[%emt 00:00:13]} d6 {[%clk 00:53:56]} {[%emt
00:00:28]} 6. Be3 {[%clk 00:54:56]} {[%emt 00:00:09]} Rb8 {[%clk 00:53:42]}
{[%emt 00:00:20]} 7. Qd2 {[%clk 00:53:48]} {[%emt 00:01:13]} b5 {[%clk
00:52:37]} {[%emt 00:01:11]} 8. Nge2 {[%clk 00:53:07]} {[%emt 00:00:45]} e6
{[%clk 00:52:19]} {[%emt 00:00:23]} 9. O-O {[%clk 00:52:55]} {[%emt 00:00:17]}
Nd4 {[%clk 00:51:34]} {[%emt 00:00:51]} 10. Nd1 {[%clk 00:51:18]} {[%emt
00:01:40]} Ne7 {[%clk 00:50:46]} {[%emt 00:00:54]} 11. Nxd4 {[%clk 00:50:30]}
{[%emt 00:00:52]} cxd4 {[%clk 00:50:39]} {[%emt 00:00:13]} 12. Bh6 {[%clk
00:50:29]} {[%emt 00:00:05]} O-O {[%clk 00:50:23]} {[%emt 00:00:21]} 13. Bxg7
{[%clk 00:50:24]} {[%emt 00:00:10]} Kxg7 {[%clk 00:50:07]} {[%emt 00:00:21]}
14. h4 {[%clk 00:49:42]} {[%emt 00:00:48]} Qc7 {[%clk 00:48:24]} {[%emt
00:01:47]} 15. c3 {[%clk 00:46:51]} {[%emt 00:02:56]} dxc3 {[%clk 00:47:18]}
{[%emt 00:01:12]} 16. Qxc3+ {[%clk 00:46:45]} {[%emt 00:00:11]} Qxc3 {[%clk
00:46:59]} {[%emt 00:00:24]} 17. Nxc3 {[%clk 00:46:15]} {[%emt 00:00:35]} b4
{[%clk 00:46:45]} {[%emt 00:00:19]} 18. Ne2 {[%clk 00:44:53]} {[%emt 00:01:27]}
Ba6 {[%clk 00:46:11]} {[%emt 00:00:38]} 19. Rfd1 {[%clk 00:40:46]} {[%emt
00:04:12]} Rfc8 {[%clk 00:45:06]} {[%emt 00:01:10]} 20. Nd4 {[%clk 00:40:22]}
{[%emt 00:00:30]} e5 {[%clk 00:44:27]} {[%emt 00:00:44]} 21. Nb3 {[%clk
00:40:17]} {[%emt 00:00:10]} Rc2 {[%clk 00:42:47]} {[%emt 00:01:45]} 22. Rab1
{[%clk 00:40:05]} {[%emt 00:00:18]} Rbc8 {[%clk 00:35:32]} {[%emt 00:07:19]}
23. Bf1 {[%clk 00:37:41]} {[%emt 00:02:28]} Bb5 {[%clk 00:34:01]} {[%emt
00:01:37]} 24. d4 {[%clk 00:34:50]} {[%emt 00:02:56]} Ba4 {[%clk 00:32:49]}
{[%emt 00:01:17]} 25. dxe5 {[%clk 00:29:44]} {[%emt 00:05:11]} dxe5 {[%clk
00:32:40]} {[%emt 00:00:14]} 26. Bd3 {[%clk 00:23:54]} {[%emt 00:05:55]} R2c6
{[%clk 00:31:30]} {[%emt 00:01:15]} 27. Rdc1 {[%clk 00:16:00]} {[%emt
00:08:00]} Bxb3 {[%clk 00:31:00]} {[%emt 00:00:35]} 28. Rxc6 {[%clk 00:15:58]}
{[%emt 00:00:06]} Nxc6 {[%clk 00:30:48]} {[%emt 00:00:17]} 29. axb3 {[%clk
00:15:44]} {[%emt 00:00:20]} Nd4 {[%clk 00:30:44]} {[%emt 00:00:08]} 30. Bc4
{[%clk 00:15:26]} {[%emt 00:00:23]} Nf3+ {[%clk 00:30:33]} {[%emt 00:00:16]}
31. Kg2 {[%clk 00:15:10]} {[%emt 00:00:21]} Nd2 {[%clk 00:30:24]} {[%emt
00:00:14]} 32. Ra1 {[%clk 00:14:14]} {[%emt 00:00:59]} Nxc4 {[%clk 00:30:12]}
{[%emt 00:00:19]} 33. bxc4 {[%clk 00:14:10]} {[%emt 00:00:09]} Rxc4 {[%clk
00:30:03]} {[%emt 00:00:14]} 34. Rxa7 {[%clk 00:13:36]} {[%emt 00:00:39]} Rxe4
{[%clk 00:29:33]} {[%emt 00:00:35]} 35. Rb7 {[%clk 00:13:31]} {[%emt 00:00:10]}
Rc4 {[%clk 00:28:55]} {[%emt 00:00:43]} 36. Rb5 {[%clk 00:11:07]} {[%emt
00:02:29]} e4 {[%clk 00:28:23]} {[%emt 00:00:36]} 37. b3 {[%clk 00:10:10]}
{[%emt 00:01:03]} Rd4 {[%clk 00:28:14]} {[%emt 00:00:13]} 38. Kf1 {[%clk
00:09:20]} {[%emt 00:00:55]} h6 {[%clk 00:27:41]} {[%emt 00:00:39]} 39. Ke2
{[%clk 00:09:02]} {[%emt 00:00:23]} h5 {[%clk 00:27:35]} {[%emt 00:00:10]} 40.
Rc5 {[%clk 00:08:15]} {[%emt 00:00:52]} Rd3 {[%clk 00:27:06]} {[%emt 00:00:35]}
41. Rc4 {[%clk 00:08:09]} {[%emt 00:00:11]} Rxb3 {[%clk 00:27:03]} {[%emt
00:00:07]} 42. Rxe4 {[%clk 00:08:09]} {[%emt 00:00:05]} Rb2+ {[%clk 00:26:56]}
{[%emt 00:00:12]} 43. Ke3 {[%clk 00:05:15]} {[%emt 00:02:57]} b3 {[%clk
00:26:21]} {[%emt 00:00:43]} 44. Rb4 {[%clk 00:05:03]} {[%emt 00:00:17]} Rb1
{[%clk 00:26:09]} {[%emt 00:00:17]} 45. Kd2 {[%clk 00:04:10]} {[%emt 00:00:58]}
b2 {[%clk 00:26:02]} {[%emt 00:00:12]} 46. Kc2 {[%clk 00:03:51]} {[%emt
00:00:24]} Rf1 {[%clk 00:25:50]} {[%emt 00:00:17]} 47. Kxb2 {[%clk 00:03:53]}
{[%emt 00:00:03]} Rxf2+ {[%clk 00:25:40]} {[%emt 00:00:14]} 48. Kc1 {[%clk
00:03:45]} {[%emt 00:00:14]} Rf3 {[%clk 00:25:36]} {[%emt 00:00:09]} 49. g4
{[%clk 00:03:48]} {[%emt 00:00:02]} hxg4 {[%clk 00:25:23]} {[%emt 00:00:18]}
50. Rxg4 {[%clk 00:03:52]} {[%emt 00:00:02]} Kh6 {[%clk 00:25:12]} {[%emt
00:00:15]} 51. Kd2 {[%clk 00:03:25]} {[%emt 00:00:33]} Kh5 {[%clk 00:25:07]}
{[%emt 00:00:09]} 52. Re4 {[%clk 00:03:15]} {[%emt 00:00:15]} f5 {[%clk
00:24:59]} {[%emt 00:00:12]} 53. Rd4 {[%clk 00:03:00]} {[%emt 00:00:19]} Rh3
{[%clk 00:24:57]} {[%emt 00:00:08]} 54. Ke2 {[%clk 00:02:58]} {[%emt 00:00:08]}
Rxh4 {[%clk 00:24:54]} {[%emt 00:00:08]} 55. Rd3 {[%clk 00:03:00]} {[%emt
00:00:04]} Kg4 {[%clk 00:24:43]} {[%emt 00:00:15]} 56. Kf2 {[%clk 00:02:58]}
{[%emt 00:00:07]} Rh3 {[%clk 00:24:23]} {[%emt 00:00:25]} 57. Rd4+ {[%clk
00:02:47]} {[%emt 00:00:17]} f4 {[%clk 00:24:18]} {[%emt 00:00:09]} 58. Kg2
{[%clk 00:02:43]} {[%emt 00:00:10]} g5 {[%clk 00:24:05]} {[%emt 00:00:17]} 59.
Rc4 {[%clk 00:02:38]} {[%emt 00:00:10]} Ra3 {[%clk 00:23:56]} {[%emt 00:00:13]}
60. Rc2 {[%clk 00:02:11]} {[%emt 00:00:34]} Re3 {[%clk 00:23:32]} {[%emt
00:00:28]} 61. Kf2 {[%clk 00:01:55]} {[%emt 00:00:21]} Rh3 {[%clk 00:23:17]}
{[%emt 00:00:19]} 62. Kg2 {[%clk 00:01:58]} {[%emt 00:00:03]} f3+ {[%clk
00:23:08]} {[%emt 00:00:13]} 63. Kg1 {[%clk 00:02:01]} {[%emt 00:00:03]} Kg3
{[%clk 00:23:01]} {[%emt 00:00:12]} 64. Ra2 {[%clk 00:01:51]} {[%emt 00:00:15]}
g4 {[%clk 00:22:52]} {[%emt 00:00:13]} 65. Rb2 {[%clk 00:01:41]} {[%emt
00:00:16]} f2+ {[%clk 00:22:46]} {[%emt 00:00:11]} 0-1

[Event "DVM U10 2023"]
[Site "Magdeburg GER"]
[Date "2023.12.29"]
[Round "7"]
[White "Lange, Fynn Jeremy"]
[Black "Schmidt, Alexander Nadvid"]
[Result "1-0"]
[Termination "normal"]
[Board "1.2"]
[WhiteElo "1603"]
[BlackElo "1462"]
[WhiteClock "00:27:34"]
[BlackClock "00:32:30"]
[WhiteTeam "TV Tegernsee"]
[BlackTeam "SK Zehlendorf"]
[PlyCount "61"]
[WhiteFideId "34616365"]
[BlackFideId "34661360"]
[EventCountry "GER"]
[EventRounds "7"]
[EventType "team-swiss"]
[EventDate "2023.12.27"]

1. c4 {[%clk 00:54:52]} {[%emt 00:00:18]} e6 {[%clk 00:54:55]} {[%emt
00:00:15]} 2. g3 {[%clk 00:54:35]} {[%emt 00:00:21]} d5 {[%clk 00:54:39]}
{[%emt 00:00:21]} 3. Bg2 {[%clk 00:54:29]} {[%emt 00:00:12]} Nf6 {[%clk
00:54:31]} {[%emt 00:00:12]} 4. Nf3 {[%clk 00:54:05]} {[%emt 00:00:30]} c6
{[%clk 00:53:10]} {[%emt 00:01:27]} 5. O-O {[%clk 00:53:29]} {[%emt 00:00:40]}
Nbd7 {[%clk 00:52:45]} {[%emt 00:00:31]} 6. b3 {[%clk 00:52:33]} {[%emt
00:01:00]} Be7 {[%clk 00:52:20]} {[%emt 00:00:30]} 7. Bb2 {[%clk 00:52:31]}
{[%emt 00:00:08]} O-O {[%clk 00:52:10]} {[%emt 00:00:14]} 8. d4 {[%clk
00:52:02]} {[%emt 00:00:34]} Ne4 {[%clk 00:51:54]} {[%emt 00:00:21]} 9. Nc3
{[%clk 00:51:12]} {[%emt 00:00:55]} Ndf6 {[%clk 00:51:50]} {[%emt 00:00:09]}
10. Qc2 {[%clk 00:49:35]} {[%emt 00:01:41]} h6 {[%clk 00:51:06]} {[%emt
00:00:49]} 11. Nd2 {[%clk 00:48:53]} {[%emt 00:00:47]} Nd6 {[%clk 00:50:36]}
{[%emt 00:00:36]} 12. e4 {[%clk 00:48:31]} {[%emt 00:00:28]} dxe4 {[%clk
00:49:47]} {[%emt 00:00:53]} 13. Ndxe4 {[%clk 00:48:27]} {[%emt 00:00:09]} Nf5
{[%clk 00:49:13]} {[%emt 00:00:39]} 14. Ne2 {[%clk 00:47:28]} {[%emt 00:01:04]}
Nxe4 {[%clk 00:47:23]} {[%emt 00:01:55]} 15. Bxe4 {[%clk 00:47:05]} {[%emt
00:00:26]} Bf6 {[%clk 00:47:02]} {[%emt 00:00:28]} 16. Rad1 {[%clk 00:46:42]}
{[%emt 00:00:28]} Qc7 {[%clk 00:45:55]} {[%emt 00:01:12]} 17. Bc1 {[%clk
00:38:55]} {[%emt 00:07:52]} Rd8 {[%clk 00:45:28]} {[%emt 00:00:30]} 18. Bf4
{[%clk 00:38:43]} {[%emt 00:00:19]} Qe7 {[%clk 00:45:00]} {[%emt 00:00:31]} 19.
d5 {[%clk 00:38:06]} {[%emt 00:00:44]} cxd5 {[%clk 00:41:19]} {[%emt 00:03:46]}
20. cxd5 {[%clk 00:37:11]} {[%emt 00:01:00]} e5 {[%clk 00:38:05]} {[%emt
00:03:19]} 21. Bxf5 {[%clk 00:36:33]} {[%emt 00:00:44]} Bxf5 {[%clk 00:36:48]}
{[%emt 00:01:21]} 22. Qxf5 {[%clk 00:36:28]} {[%emt 00:00:10]} exf4 {[%clk
00:36:37]} {[%emt 00:00:16]} 23. Nxf4 {[%clk 00:36:18]} {[%emt 00:00:15]} Bg5
{[%clk 00:36:28]} {[%emt 00:00:13]} 24. h4 {[%clk 00:34:58]} {[%emt 00:01:25]}
Bxf4 {[%clk 00:36:22]} {[%emt 00:00:12]} 25. Qxf4 {[%clk 00:34:50]} {[%emt
00:00:14]} Rd7 {[%clk 00:36:04]} {[%emt 00:00:22]} 26. Rfe1 {[%clk 00:33:45]}
{[%emt 00:01:07]} Qc5 {[%clk 00:35:55]} {[%emt 00:00:16]} 27. Qc4 {[%clk
00:32:18]} {[%emt 00:01:32]} Qa5 {[%clk 00:34:41]} {[%emt 00:01:20]} 28. b4
{[%clk 00:30:28]} {[%emt 00:01:55]} Qb6 {[%clk 00:34:30]} {[%emt 00:00:16]} 29.
Re4 {[%clk 00:29:03]} {[%emt 00:01:30]} Rad8 {[%clk 00:33:54]} {[%emt
00:00:41]} 30. Red4 {[%clk 00:27:38]} {[%emt 00:01:29]} Rc8 {[%clk 00:32:30]}
{[%emt 00:01:30]} 31. Qxc8+ {[%clk 00:27:34]} {[%emt 00:00:09]} 1-0

[Event "DVM U10 2023"]
[Site "Magdeburg GER"]
[Date "2023.12.29"]
[Round "7"]
[White "Serwane, Ruben"]
[Black "Horras, Jonathan"]
[Result "1-0"]
[Termination "normal"]
[Board "1.4"]
[WhiteElo "1636"]
[BlackElo "1109"]
[WhiteClock "00:42:46"]
[BlackClock "00:34:19"]
[WhiteTeam "TV Tegernsee"]
[BlackTeam "SK Zehlendorf"]
[PlyCount "47"]
[WhiteFideId "34660232"]
[BlackFideId "34681990"]
[EventCountry "GER"]
[EventRounds "7"]
[EventType "team-swiss"]
[EventDate "2023.12.27"]

1. e4 {[%clk 00:55:05]} {[%emt 00:00:04]} e5 {[%clk 00:54:48]} {[%emt
00:00:22]} 2. Nf3 {[%clk 00:55:05]} {[%emt 00:00:05]} Nc6 {[%clk 00:54:43]}
{[%emt 00:00:11]} 3. Bc4 {[%clk 00:55:05]} {[%emt 00:00:05]} Bc5 {[%clk
00:54:28]} {[%emt 00:00:20]} 4. c3 {[%clk 00:55:05]} {[%emt 00:00:05]} Nf6
{[%clk 00:54:25]} {[%emt 00:00:08]} 5. d4 {[%clk 00:55:04]} {[%emt 00:00:05]}
exd4 {[%clk 00:54:22]} {[%emt 00:00:08]} 6. cxd4 {[%clk 00:55:04]} {[%emt
00:00:06]} Bb4+ {[%clk 00:54:17]} {[%emt 00:00:10]} 7. Nc3 {[%clk 00:55:03]}
{[%emt 00:00:06]} Nxe4 {[%clk 00:54:04]} {[%emt 00:00:17]} 8. O-O {[%clk
00:55:01]} {[%emt 00:00:07]} Bxc3 {[%clk 00:53:44]} {[%emt 00:00:25]} 9. d5
{[%clk 00:55:00]} {[%emt 00:00:07]} Bf6 {[%clk 00:53:37]} {[%emt 00:00:12]} 10.
Re1 {[%clk 00:54:57]} {[%emt 00:00:08]} Ne7 {[%clk 00:53:20]} {[%emt 00:00:22]}
11. Rxe4 {[%clk 00:54:55]} {[%emt 00:00:07]} d6 {[%clk 00:53:16]} {[%emt
00:00:08]} 12. Bg5 {[%clk 00:53:55]} {[%emt 00:01:04]} Bxg5 {[%clk 00:51:50]}
{[%emt 00:01:32]} 13. Nxg5 {[%clk 00:53:54]} {[%emt 00:00:07]} Bf5 {[%clk
00:50:31]} {[%emt 00:01:23]} 14. Bb5+ {[%clk 00:53:32]} {[%emt 00:00:28]} Bd7
{[%clk 00:49:07]} {[%emt 00:01:30]} 15. Bxd7+ {[%clk 00:53:21]} {[%emt
00:00:15]} Qxd7 {[%clk 00:49:01]} {[%emt 00:00:07]} 16. Qb3 {[%clk 00:53:15]}
{[%emt 00:00:15]} O-O {[%clk 00:45:15]} {[%emt 00:03:50]} 17. Rae1 {[%clk
00:49:31]} {[%emt 00:03:50]} Rfe8 {[%clk 00:43:30]} {[%emt 00:01:49]} 18. Qxb7
{[%clk 00:48:30]} {[%emt 00:01:07]} Rab8 {[%clk 00:41:07]} {[%emt 00:02:28]}
19. Rxe7 {[%clk 00:46:17]} {[%emt 00:02:19]} Kf8 {[%clk 00:36:05]} {[%emt
00:05:06]} 20. Qxb8 {[%clk 00:43:51]} {[%emt 00:02:31]} Qxe7 {[%clk 00:34:40]}
{[%emt 00:01:29]} 21. Nxh7+ {[%clk 00:43:02]} {[%emt 00:00:54]} Kg8 {[%clk
00:34:38]} {[%emt 00:00:08]} 22. Qxe8+ {[%clk 00:42:59]} {[%emt 00:00:09]} Qxe8
{[%clk 00:34:24]} {[%emt 00:00:18]} 23. Nf6+ {[%clk 00:42:47]} {[%emt
00:00:16]} gxf6 {[%clk 00:34:19]} {[%emt 00:00:10]} 24. Rxe8+ {[%clk 00:42:46]}
{[%emt 00:00:06]} 1-0

[Event "DVM U10 2023"]
[Site "Magdeburg GER"]
[Date "2023.12.29"]
[Round "7"]
[White "Sutharjan, Dakxwin"]
[Black "Fadeev, Justin Michael"]
[Result "1-0"]
[Termination "normal"]
[Board "2.1"]
[WhiteElo "1658"]
[BlackElo "1484"]
[WhiteClock "00:12:21"]
[BlackClock "00:03:51"]
[WhiteTeam "SF Brackel 1930"]
[BlackTeam "Barnimer SF im SV Stahl Finow"]
[PlyCount "127"]
[WhiteFideId "34606548"]
[BlackFideId "34602968"]
[EventCountry "GER"]
[EventRounds "7"]
[EventType "team-swiss"]
[EventDate "2023.12.27"]

1. e4 {[%clk 00:55:09]} e6 {[%clk 00:55:09]} {[%emt 00:00:02]} 2. d4 {[%clk
00:54:58]} {[%emt 00:00:15]} d5 {[%clk 00:55:11]} {[%emt 00:00:04]} 3. Nd2
{[%clk 00:54:55]} {[%emt 00:00:07]} c5 {[%clk 00:55:05]} {[%emt 00:00:11]} 4.
exd5 {[%clk 00:54:52]} {[%emt 00:00:08]} Qxd5 {[%clk 00:55:07]} {[%emt
00:00:03]} 5. Ngf3 {[%clk 00:54:46]} {[%emt 00:00:12]} cxd4 {[%clk 00:55:05]}
{[%emt 00:00:07]} 6. Bc4 {[%clk 00:54:44]} {[%emt 00:00:06]} Qd6 {[%clk
00:55:07]} {[%emt 00:00:04]} 7. O-O {[%clk 00:54:39]} {[%emt 00:00:09]} Nf6
{[%clk 00:55:07]} {[%emt 00:00:05]} 8. Nb3 {[%clk 00:54:35]} {[%emt 00:00:09]}
Nc6 {[%clk 00:55:06]} {[%emt 00:00:06]} 9. Nbxd4 {[%clk 00:54:34]} {[%emt
00:00:06]} Nxd4 {[%clk 00:55:07]} {[%emt 00:00:04]} 10. Qxd4 {[%clk 00:54:18]}
{[%emt 00:00:22]} Qxd4 {[%emt 00:00:52]} 11. Nxd4 {[%clk 00:54:13]} {[%emt
00:00:07]} a6 {[%clk 00:53:56]} {[%emt 00:00:32]} 12. Bg5 {[%clk 00:54:04]}
{[%emt 00:00:12]} Ne4 {[%clk 00:50:27]} {[%emt 00:03:35]} 13. Be3 {[%clk
00:53:54]} {[%emt 00:00:14]} Bc5 {[%clk 00:49:17]} {[%emt 00:01:16]} 14. Bd3
{[%clk 00:51:31]} {[%emt 00:02:28]} Bxd4 {[%clk 00:44:53]} {[%emt 00:04:30]}
15. Bxd4 {[%clk 00:51:12]} {[%emt 00:00:23]} Nf6 {[%clk 00:44:50]} {[%emt
00:00:09]} 16. Bc4 {[%clk 00:49:34]} {[%emt 00:01:43]} b5 {[%clk 00:42:44]}
{[%emt 00:02:10]} 17. Bd3 {[%clk 00:48:30]} {[%emt 00:01:09]} Bb7 {[%clk
00:42:20]} {[%emt 00:00:29]} 18. a4 {[%clk 00:48:19]} {[%emt 00:00:17]} b4
{[%clk 00:39:44]} {[%emt 00:02:41]} 19. Rfe1 {[%clk 00:46:19]} {[%emt
00:02:05]} Bc6 {[%clk 00:36:53]} {[%emt 00:02:55]} 20. a5 {[%clk 00:46:10]}
{[%emt 00:00:14]} O-O {[%clk 00:35:09]} {[%emt 00:01:49]} 21. Bc5 {[%clk
00:39:04]} {[%emt 00:07:12]} Rfb8 {[%clk 00:35:08]} {[%emt 00:00:05]} 22. b3
{[%clk 00:38:20]} {[%emt 00:00:49]} Bb5 {[%clk 00:30:40]} {[%emt 00:04:33]} 23.
Bb6 {[%clk 00:34:22]} {[%emt 00:04:04]} Bxd3 {[%clk 00:30:12]} {[%emt
00:00:33]} 24. cxd3 {[%clk 00:34:19]} {[%emt 00:00:07]} Rc8 {[%clk 00:28:50]}
{[%emt 00:01:27]} 25. Rac1 {[%clk 00:32:37]} {[%emt 00:01:47]} Nd5 {[%clk
00:27:37]} {[%emt 00:01:19]} 26. Rc4 {[%clk 00:32:10]} {[%emt 00:00:31]} Rab8
{[%clk 00:20:51]} {[%emt 00:06:51]} 27. Rec1 {[%clk 00:29:16]} {[%emt
00:02:59]} Rxc4 {[%clk 00:20:07]} {[%emt 00:00:49]} 28. Rxc4 {[%clk 00:28:58]}
{[%emt 00:00:22]} Nxb6 {[%clk 00:20:06]} {[%emt 00:00:08]} 29. axb6 {[%clk
00:28:58]} {[%emt 00:00:04]} Kf8 {[%clk 00:20:05]} {[%emt 00:00:06]} 30. Rxb4
{[%clk 00:28:01]} {[%emt 00:01:03]} Ke7 {[%clk 00:18:50]} {[%emt 00:01:20]} 31.
b7 {[%clk 00:27:53]} {[%emt 00:00:12]} Kd7 {[%clk 00:18:21]} {[%emt 00:00:34]}
32. Rb6 {[%clk 00:27:50]} {[%emt 00:00:08]} Kc7 {[%clk 00:18:06]} {[%emt
00:00:21]} 33. Rxa6 {[%clk 00:27:49]} {[%emt 00:00:06]} Rxb7 {[%clk 00:18:07]}
{[%emt 00:00:04]} 34. Ra3 {[%clk 00:27:48]} {[%emt 00:00:05]} Kc6 {[%clk
00:18:07]} {[%emt 00:00:05]} 35. Kf1 {[%clk 00:27:24]} {[%emt 00:00:28]} Kc5
{[%clk 00:18:06]} {[%emt 00:00:07]} 36. Ke2 {[%clk 00:27:20]} {[%emt 00:00:09]}
Kb4 {[%clk 00:17:59]} {[%emt 00:00:12]} 37. Ra8 {[%clk 00:27:17]} {[%emt
00:00:06]} Kxb3 {[%clk 00:17:47]} {[%emt 00:00:19]} 38. Rh8 {[%clk 00:26:46]}
{[%emt 00:00:35]} h6 {[%clk 00:17:48]} {[%emt 00:00:04]} 39. Rg8 {[%clk
00:26:45]} {[%emt 00:00:06]} g6 {[%clk 00:17:44]} {[%emt 00:00:10]} 40. Ke3
{[%clk 00:26:41]} {[%emt 00:00:08]} Rd7 {[%clk 00:15:00]} {[%emt 00:02:50]} 41.
Rc8 {[%clk 00:26:24]} {[%emt 00:00:21]} Kb4 {[%clk 00:14:41]} {[%emt 00:00:25]}
42. Ke4 {[%clk 00:26:04]} {[%emt 00:00:25]} Kb5 {[%clk 00:13:51]} {[%emt
00:00:54]} 43. d4 {[%clk 00:25:23]} {[%emt 00:00:46]} Kb6 {[%clk 00:13:30]}
{[%emt 00:00:28]} 44. Rc1 {[%clk 00:23:43]} {[%emt 00:01:45]} Rd5 {[%clk
00:12:58]} {[%emt 00:00:37]} 45. f4 {[%clk 00:22:04]} {[%emt 00:01:43]} Ra5
{[%clk 00:11:18]} {[%emt 00:01:46]} 46. Rc3 {[%clk 00:20:49]} {[%emt 00:01:20]}
Ra2 {[%clk 00:10:47]} {[%emt 00:00:36]} 47. Rg3 {[%clk 00:20:19]} {[%emt
00:00:34]} Re2+ {[%clk 00:08:58]} {[%emt 00:01:55]} 48. Kd3 {[%clk 00:19:35]}
{[%emt 00:00:48]} Ra2 {[%clk 00:08:53]} {[%emt 00:00:10]} 49. Ke4 {[%clk
00:18:57]} {[%emt 00:00:42]} Ra5 {[%clk 00:08:38]} {[%emt 00:00:21]} 50. Rb3+
{[%clk 00:18:55]} {[%emt 00:00:07]} Kc7 {[%clk 00:08:04]} {[%emt 00:00:40]} 51.
g4 {[%clk 00:14:25]} {[%emt 00:04:35]} h5 {[%clk 00:05:36]} {[%emt 00:02:32]}
52. g5 {[%clk 00:14:02]} {[%emt 00:00:28]} Rf5 {[%clk 00:05:15]} {[%emt
00:00:26]} 53. Rc3+ {[%clk 00:13:50]} {[%emt 00:00:17]} Kb7 {[%clk 00:05:05]}
{[%emt 00:00:15]} 54. Rc5 {[%clk 00:13:30]} {[%emt 00:00:26]} Kb6 {[%clk
00:03:54]} {[%emt 00:01:15]} 55. Rxf5 {[%clk 00:13:24]} {[%emt 00:00:11]} gxf5+
{[%clk 00:03:54]} {[%emt 00:00:04]} 56. Ke5 {[%clk 00:13:12]} {[%emt 00:00:18]}
Kc6 {[%clk 00:03:41]} {[%emt 00:00:18]} 57. Kf6 {[%clk 00:13:11]} {[%emt
00:00:06]} Kd5 {[%clk 00:03:45]} {[%emt 00:00:02]} 58. Kxf7 {[%clk 00:13:08]}
{[%emt 00:00:06]} Kxd4 {[%clk 00:03:49]} {[%emt 00:00:02]} 59. g6 {[%clk
00:13:00]} {[%emt 00:00:13]} e5 {[%clk 00:03:49]} {[%emt 00:00:06]} 60. fxe5
{[%clk 00:12:54]} {[%emt 00:00:11]} Kxe5 {[%clk 00:03:45]} {[%emt 00:00:09]}
61. g7 {[%clk 00:12:27]} {[%emt 00:00:32]} f4 {[%clk 00:03:47]} {[%emt
00:00:02]} 62. g8=Q {[%clk 00:12:26]} {[%emt 00:00:05]} f3 {[%clk 00:03:51]}
{[%emt 00:00:02]} 63. Qg1 {[%clk 00:12:22]} {[%emt 00:00:09]} Ke4 {[%clk
00:03:51]} {[%emt 00:00:05]} 64. Qf2 {[%clk 00:12:21]} {[%emt 00:00:06]} 1-0